| 000 -GUIDE |
| Champ de contrôle de longueur fixe |
02392nam a22002537a 4500 |
| 003 - IDENTITÉ DU NUMÉRO DE CONTRÔLE |
| Champ de contrôle |
BI-BuBU |
| 008 - ÉLÉMENTS DE LONGUEUR FIXE - RENSEIGNEMENTS GÉNÉRAUX |
| Champ de contrôle de longueur fixe |
200917b2 B fr|||| 00| 0 fre d |
| 037 ## - SOURCE D'ACQUISITION |
| Source d'acquisition et du numéro d'inventaire |
Don |
| 039 ## - NIVEAU DE CONTRÔLE BIBLIOGRAPHIQUE ET HISTORIQUE D'ENCODAGE [OBSOLETE] |
| Date creation |
20200917105240.0 |
| Nom catalographe |
Fulgence Hakizimana |
| 040 ## - SOURCE DU CATALOGAGE |
| Organisme qui a effectué le catalogage original |
BI-BuBU |
| Code de la langue utilisée dans le catalogage |
fre |
| Organisme qui a effectué la transcription |
BI-BuBU |
| Organisme qui a effectué la modification |
BI-BuBU |
| 080 ## - INDICE DE LA CLASSIFICATION DÉCIMALE UNIVERSELLE (CDU) |
| Indice de la Classification décimale universelle |
551.482.215.3 . |
| 100 1# - VEDETTE PRINCIPALE - NOM DE PERSONNE |
| Code de relation |
aut. |
| Nom de personne |
Manirakiza, Félix |
| 245 10 - MENTION DU TITRE |
| Titre |
Modelisation de la structure de dependance hauteur-durée des événements pluvieux à l'aide des copules aux valeurs extremes. |
| Mention de responsabilité, etc. |
Félix Manirakiza ; Mpunikiye Léonce, directeur |
| 260 ## - PUBLICATION, DIFFUSION, ETC. (ADRESSE BIBLIOGRAPHIQUE) |
| Lieu de publication, diffusion, etc. |
Bujumbura |
| Nom de l'éditeur, diffuseur, etc. |
Université du Burundi, Institut de Pédagogie Appliquée, Département de Physique-Technologie |
| Date of publication, distribution, etc |
2018. |
| 300 ## - DESCRIPTION MATÉRIELLE |
| Collation |
VII-50f. |
| Dimensions |
30 Cm |
| 500 ## - NOTE GÉNÉRALE |
| Note générale |
Mémoire présenté et défendu publiquement en vue de l'obtention du grade de Licencié en Pédagogie Appliquée, Agrégé de l'Enseignement Secondaire en Physique. |
| 520 ## - RÉSUMÉ, ETC. |
| Résumé, etc. |
RÉSUME,<br/><br/>Le présent travail est le résultat issu d'une réflexion sur la modélisation de la structure de dépendance hauteur-durée des événements pluvieux sui peuvent engendrer certains sites de Bujumbura. <br/><br/>Néanmoins la notion des copules aux valeurs extrêmes a été préalablement utilisée pour développer cette structure. L'accent particulier est mis sur leurs applications dans la modélisation de la structure de dépendance. De ce fait, la notion de copule de Gumbel est une bonne application hydrologique des copules. En effet, l'objet de notre recherche est la mise en évidence de structure de dépendance de deux variables: la hauteur (ou le volume ) dr la pluie et sa durée. Cette dépendance est montrée par Chi-plot et Kendall plot ou K-plot. Cela est alors mesuré grâce à des coefficients de corrélation de rang: le taux de Kendall et le rho de Spearman ainsi que la distribution conjointe du couple hauteur de pluie et la durée.<br/><br/>Enfin, le présent travail va nous donner une idée sur la manière dont nous pouvons utiliser cette méthode pour modéliser la dépendance entre les hauteurs et les durées des événements pluvieux liées aux inondations dans certains sites de Bujumbura comme Buterere, Carama, Gatunguru,... |
| 650 #7 - VEDETTE-MATIÈRE - NOM COMMUN |
| Source du terme |
BI-BuBU |
| Vedette de sujet ou vedette comportant un nom géographique |
Pluie |
| Subdivision générale |
Inondation |
| 655 #7 - TERME D'INDEXATION - GENRE OU FORME |
| Source du terme |
BI-BuBU |
| Données ou terme dominant sur le genre ou la forme |
Mémoire |
| 700 1# - VEDETTE SECONDAIRE - NOM DE PERSONNE |
| Code de relation |
dir. |
| Nom d'auteur |
Mpunikiye, Félix |
| 710 ## - VEDETTE SECONDAIRE - NOM DE COLLECTIVITÉ |
| Code de relation |
aut. |
| Nom de la collectivité ou nom de lieu comme élément de classement |
Univrsité du Burundi |
| Collectivité subordonnée |
Institut de Pédagogie Appliquée |
| 942 ## - ÉLÉMENTS D'ENTRÉE ADDITIONNELLE (KOHA) |
| Source de la classification ou du système de rangement |
|
| Type d item koha |
Memoire |